[Event "CZE-tht Extraliga 2018-19"]
[Site "Czech Republic"]
[Date "2019.02.09"]
[Round "7.6"]
[White "Babula, Vlastimil"]
[Black "Wiewiora, Eneasz"]
[Result "1-0"]
[WhiteElo "2549"]
[BlackElo "2354"]
[Annotator "ChessBase"]
[PlyCount "69"]
[EventDate "2018.11.03"]
[EventType "team-tourn"]
[EventCountry "CZE"]
[SourceTitle "playchess.com"]
[Source "ChessBase"]
[SourceQuality "1"]
[WhiteTeam "Novoborsky"]
[BlackTeam "Cesky Tesin"]
[TimeControl "40/5400+30:1800+30"]

1. d4 {[%emt 0:00:00]} d5 {[%emt 0:05:17]} 2. c4 {[%emt 0:00:00]} e6 {[%emt 0:00:08]} 3. Nc3 {[%emt 0:00:06]} Nf6 {[%emt 0:00:08]} 4. cxd5 {[%emt 0:00:23]} exd5 {[%emt 0:00:08]} 5. Bg5 {[%emt 0:00:15]} Be7 {[%emt 0:00:25]} 6. e3 {[%emt 0:00:29]} c6 {[%emt 0:00:05]} 7. Bd3 {[%emt 0:00:38]} Nbd7 {[%emt 0:00:08]} 8. Qc2 {[%emt 0:00:34]} Nf8 {[%emt 0:05:04]} 9. Nge2 {[%emt 0:02:42]} g6 {[%emt 0:17:11]} 10. f3 {[%emt 0:15:07]} Ne6 {[%emt 0:03:42]} 11. Bh4 {[%emt 0:02:05]} O-O {[%emt 0:02:36]} 12. O-O {[%emt 0:03:55]} b6 {[%emt 0:12:29]} 13. Rad1 {[%emt 0:05:37]} Bb7 {[%emt 0:02:38]} 14. Kh1 {[%emt 0:01:08]} Nh5 {[%emt 0:13:19]} 15. Bf2 {[%emt 0:02:48]} Bh4 {[%emt 0:05:07]} 16. Bg1 {[%emt 0:03:59]} f5 {[%emt 0:01:16]} 17. b4 {[%emt 0:12:44]} Rc8 {[%emt 0:08:31]} 18. Qb3 {[%emt 0:00:56]} Kh8 {[%emt 0:00:24]} 19. Bb1 {[%emt 0:03:00]} Qd7 {[%emt 0:03:01]} 20. b5 {[%emt 0:04:35]} Nhg7 {[%emt 0:07:25]} 21. bxc6 {[%emt 0:02:15]} Bxc6 {[%emt 0:00:37]} 22. e4 {[%emt 0:06:09]} Nc7 {[%emt 0:00:53]} 23. Nf4 {[%emt 0:01:22]} fxe4 {[%emt 0:04:40]} 24. fxe4 {[%emt 0:00:30]} dxe4 {[%emt 0:00:01]} 25. d5 {[%emt 0:01:46]} Bb5 {[%emt 0:00:01]} 26. Nxb5 {[%emt 0:05:56]} Nxb5 {[%emt 0:02:46]} 27. Ne6 {[%emt 0:01:54]} Rxf1 {[%emt 0:03:53]} 28. Rxf1 {[%emt 0:00:06]} Nf5 {[%emt 0:00:25]} 29. Bxe4 {[%emt 0:07:30]} Nfd6 {[%emt 0:01:18]} 30. Bb1 {[%emt 0:04:05]} Kg8 {[%emt 0:00:13]} 31. Qh3 {[%emt 0:00:55]} Qe7 {[%emt 0:00:31]} 32. Qg4 {[%emt 0:03:10]} Rc4 {[%emt 0:00:52]} 33. Bd4 {[%emt 0:03:11]} Nxd4 {[%emt 0:00:30]} 34. Qxh4 {[%emt 0:01:51]} g5 {[%emt 0:00:44]} 35. Qxg5+ {[%emt 0:01:04]} 1-0

[Event "CZE-tht Extraliga 2018-19"]
[Site "Czech Republic"]
[Date "2019.02.09"]
[Round "7.6"]
[White "Kislinsky, Alexey"]
[Black "Cerveny, Martin"]
[Result "1-0"]
[WhiteElo "2426"]
[BlackElo "2343"]
[Annotator "NA RC"]
[PlyCount "107"]
[EventDate "2018.11.03"]
[EventType "team-tourn"]
[EventCountry "CZE"]
[SourceTitle "playchess.com"]
[Source "ChessBase"]
[SourceQuality "1"]
[WhiteTeam "Lysa nad Labem"]
[BlackTeam "Duras"]
[TimeControl "40/5400+30:1800+30"]

1. e4 {[%emt 0:00:00]} c5 {[%emt 0:00:00]} 2. Nf3 {[%emt 0:00:00]} d6 {[%emt 0:00:00]} 3. c3 {[%emt 0:00:04]} Nf6 {[%emt 0:00:24]} 4. h3 {[%emt 0:00:33]} Nbd7 5. Bd3 b6 {[%emt 0:01:02]} 6. O-O {[%emt 0:01:19] B50: Sicilian: 2...d6, Miscellaneous} Bb7 {[%emt 0:00:00]} 7. Re1 {[%emt 0:00:10]} Qc7 {[%emt 0:00:13]} 8. Bc2 {[%emt 0:00:39]} Rc8 {[%emt 0:00:21]} 9. d3 {[%emt 0:00:51]} g6 {[%emt 0:00:30]} 10. Bf4 {[%emt 0:01:57]} (10. a4 Bg7 11. Na3 O-O 12. Bg5 e5 13. Qd2 d5 {0-1 (35) Bauer,C (2623)-Korobov,A (2700) Berlin 2015}) 10... Bg7 {[%emt 0:00:43]} 11. Nbd2 {[%emt 0:01:23]} e5 {[%emt 0:02:36]} 12. Bg5 $146 {[%emt 0:07:22]} ({Predecessor:} 12. Bh2 O-O 13. Bb3 h6 {1-0 (44) Piscopo,P (2415)-Vocaturo,D (2507) Bratto 2009}) 12... O-O {[%emt 0:01:37]} 13. Nf1 {[%emt 0:04:09]} h6 {[%emt 0:02:26]} 14. Bd2 {[%emt 0:03:21]} Rfe8 {[%emt 0:03:44]} 15. Qc1 {[%emt 0:01:20]} Kh7 {[%emt 0:01:22]} 16. Ne3 {[%emt 0:01:30]} d5 {[%emt 0:06:08]} 17. Ng4 {[%emt 0:03:07]} Nxg4 {[%emt 0:02:19]} 18. hxg4 {[%emt 0:00:08]} c4 {[%emt 0:00:08]} 19. g5 $2 {[%emt 0:05:11]} (19. exd5 $15 cxd3 20. Bxd3) 19... dxe4 {[%emt 0:11:00]} 20. dxe4 {[%emt 0:00:23]} hxg5 {[%emt 0:00:06]} 21. Nxg5+ {[%emt 0:01:29]} Kg8 {[%emt 0:00:14]} 22. Qd1 {[%emt 0:06:21]} Rcd8 {[%emt 0:02:33]} 23. b4 {[%emt 0:02:13]} a6 {[%emt 0:02:12]} 24. Qe2 {[%emt 0:02:10]} Nf8 {[%emt 0:00:49]} 25. Be3 {[%emt 0:02:52]} Bc8 {[%emt 0:03:41]} 26. a4 {[%emt 0:01:02]} f6 {[%emt 0:04:58]} 27. Nf3 {[%emt 0:01:03]} Bg4 {[%emt 0:03:54]} 28. a5 {[%emt 0:00:20]} b5 {[%emt 0:00:14]} 29. Bb6 {[%emt 0:00:17]} Qc8 {[%emt 0:03:35]} 30. Bxd8 {[%emt 0:00:14]} Rxd8 {[%emt 0:00:28]} 31. Rad1 {[%emt 0:00:29]} Re8 {[%emt 0:04:03]} 32. Qe3 {[%emt 0:01:22]} Ne6 {[%emt 0:01:08]} 33. Rd6 {[%emt 0:01:11]} Bf8 {[%emt 0:00:26]} 34. Rb6 {[%emt 0:01:14]} Be7 {[%emt 0:06:18]} 35. Nh2 {[%emt 0:02:50]} Nf4 {[%emt 0:00:49]} 36. g3 {[%emt 0:00:33]} Nh3+ {[%emt 0:11:53]} 37. Kg2 {[%emt 0:00:20]} Kg7 {[%emt 0:00:20]} 38. Nxg4 {[%emt 0:01:09]} Qxg4 {[%emt 0:00:08]} 39. Bd1 {[%emt 0:00:14]} Qc8 {[%emt 0:00:26]} 40. Rh1 $18 {[%emt 0:01:03]} Rh8 {[%emt 0:00:55]} 41. Qf3 {[%emt 0:31:50]} Ng5 {[%emt 0:35:52]} 42. Rxh8 {[%emt 0:00:26]} Qxh8 {[%emt 0:00:09]} 43. Qg4 {[%emt 0:00:41]} Qa8 {[%emt 0:00:00]} 44. Qd7 {[%emt 0:00:00]} Kf7 {[%emt 0:00:00]} 45. Rb7 {[%emt 0:00:00]} Qe8 {[%emt 0:00:00]} 46. Qxe8+ {[%emt 0:00:00]} Kxe8 {[%emt 0:00:00]} 47. Bc2 {[%emt 0:00:00]} Ne6 {[%emt 0:00:00]} 48. Ra7 {[%emt 0:00:00]} Bd8 {[%emt 0:00:57]} 49. Rxa6 {[%emt 0:00:00]} Kd7 {[%emt 0:00:06]} 50. Bd1 {[%emt 0:00:00]} f5 {[%emt 0:02:25]} 51. Bf3 {[%emt 0:00:00]} Ng5 {[%emt 0:01:49]} 52. Rxg6 {[%emt 0:00:00]} fxe4 {[%emt 0:00:18]} 53. Bg4+ {[%emt 0:00:00]} Kc7 {[%emt 0:00:19]} 54. Rg7+ {[%emt 0:00:00]} 1-0

[Event "CZE-tht Extraliga 2018-19"]
[Site "Czech Republic"]
[Date "2019.02.09"]
[Round "7.6"]
[White "Vrbata, Zbynek"]
[Black "Obsivac, Josef"]
[Result "1/2-1/2"]
[WhiteElo "2344"]
[BlackElo "2282"]
[Annotator "NA"]
[PlyCount "31"]
[EventDate "2018.11.03"]
[EventType "team-tourn"]
[EventCountry "CZE"]
[SourceTitle "playchess.com"]
[Source "ChessBase"]
[SourceQuality "1"]
[WhiteTeam "Siesta B"]
[BlackTeam "Brno"]
[TimeControl "40/5400+30:1800+30"]

1. d4 {[%emt 0:00:00]} Nf6 {[%emt 0:00:00]} 2. c4 {[%emt 0:00:00]} g6 {[%emt 0:00:00]} 3. f3 {[%emt 0:00:06]} Bg7 {[%emt 0:00:05]} 4. e4 {[%emt 0:00:08]} d6 {[%emt 0:00:09]} 5. Nc3 {[%emt 0:00:35]} O-O {[%emt 0:00:10]} 6. Be3 {[%emt 0:00:15]} c5 {[%emt 0:01:34]} 7. Nge2 Nc6 8. d5 {[%emt 0:03:43]} Ne5 {[%emt 0:00:48]} 9. Ng3 {[%emt 0:00:34]} h5 {[%emt 0:02:36]} 10. Be2 {[%emt 0:03:51]} h4 {[%emt 0:09:58]} 11. Nf1 {[%emt 0:04:27]} Re8 {[%emt 0:02:40]} 12. Nd2 {[%emt 0:03:03]} a6 {[%emt 0:19:30]} 13. a4 {[%emt 0:02:44]} h3 {[%emt 0:02:40]} 14. g3 {[%emt 0:06:42]} e6 {[%emt 0:06:43]} 15. O-O {[%emt 0:21:17]} exd5 {[%emt 0:01:49]} 16. cxd5 {[%emt 0:00:20]} 1/2-1/2

[Event "CZE-tht Extraliga 2018-19"]
[Site "Czech Republic"]
[Date "2019.02.09"]
[Round "7.6"]
[White "Simek, Petr (86)"]
[Black "Szotkowski, Jakub"]
[Result "0-1"]
[WhiteElo "2319"]
[BlackElo "2345"]
[Annotator "NA"]
[PlyCount "96"]
[EventDate "2018.11.03"]
[EventType "team-tourn"]
[EventCountry "CZE"]
[SourceTitle "playchess.com"]
[Source "ChessBase"]
[SourceQuality "1"]
[WhiteTeam "Siesta"]
[BlackTeam "Beskydska"]
[TimeControl "40/5400+30:1800+30"]

{[%evp 13,85,31,15,6,15,35,35,27,50,19,34,56,36,45,81,100,102,101,131,136,179,169,172,177,259,253,351,164,325,355,356,97,84,84,97,28,56,66,94,0,52,58,79,0,0,-10,0,0,0,32767,32767,32767,32767,0,0,0,0,-11,0,32767,32767,32767,-116,-124,0,32767,42,32767,-62,-177,32767,-164,-179,-193]} 1. d4 {[%emt 0:00:00]} Nf6 {[%emt 0:00:00]} 2. c4 {[%emt 0:00:00]} e6 {[%emt 0:01:01]} 3. g3 {[%emt 0:00:00]} c5 {[%emt 0:01:36]} 4. d5 {[%emt 0:00:00]} exd5 {[%emt 0:00:43]} 5. cxd5 {[%emt 0:00:00]} d6 {[%emt 0:00:08]} 6. Nc3 {[%emt 0:00:00]} g6 {[%emt 0:00:23]} 7. Bg2 {[%emt 0:00:02]} Bg7 {[%emt 0:00:07]} 8. Nf3 {[%emt 0:00:05]} O-O {[%emt 0:00:21]} 9. O-O {[%emt 0:00:31]} a6 {[%emt 0:01:15]} 10. a4 {[%emt 0:00:07]} Re8 {[%emt 0:00:42]} 11. Bf4 {[%emt 0:00:32]} Ne4 {[%emt 0:04:20]} 12. Nxe4 {[%emt 0:02:39]} Rxe4 {[%emt 0:00:18]} 13. Nd2 {[%emt 0:00:07]} Rxf4 {[%emt 0:02:16]} 14. gxf4 {[%emt 0:00:08]} Bxb2 {[%emt 0:00:07]} 15. Rb1 {[%emt 0:00:21]} Bg7 {[%emt 0:00:38]} 16. Nc4 {[%emt 0:11:39]} b5 {[%emt 0:29:34]} 17. axb5 {[%emt 0:00:45]} axb5 {[%emt 0:00:09]} 18. Rxb5 {[%emt 0:00:09]} Ba6 {[%emt 0:05:13]} (18... Bf8 $142 19. Qd2 Nd7) 19. Qa4 {[%emt 0:24:16]} Bc3 {[%emt 0:12:12]} 20. Rb3 {[%emt 0:14:16]} (20. Rc1 $142 Bb4 21. Rb6) 20... Bb4 $2 {[%emt 0:01:58]} (20... Bxc4 {keeps fighting.} 21. Qxc4 Bg7) 21. Re3 {[%emt 0:00:15]} Nd7 {[%emt 0:12:48]} 22. Qc2 $2 {[%emt 0:04:00]} (22. Nxd6 $18 Bxe2 23. Qc6) 22... Qf6 {[%emt 0:04:50]} 23. Qe4 {[%emt 0:01:19]} Kg7 {[%emt 0:01:53]} 24. Bh3 {[%emt 0:01:45]} ({White should play} 24. Rb3 $16) 24... Bxc4 $1 {[%emt 0:02:04]} 25. Bxd7 {[%emt 0:04:04]} Ba2 {[%emt 0:01:04]} 26. Bb5 {[%emt 0:13:27]} (26. f5 $14) 26... Bc3 {[%emt 0:01:58]} 27. Rf3 {[%emt 0:02:24]} Rb8 {[%emt 0:02:18]} 28. Bc6 {[%emt 0:00:58]} ({White should try} 28. Qd3 $1 $14) 28... Rb4 {[%emt 0:02:52]} 29. Qc2 {[%emt 0:00:33]} Bb2 {[%emt 0:00:10]} 30. Kg2 {[%emt 0:05:15]} c4 {[%emt 0:00:38]} 31. f5 {[%emt 0:01:59]} g5 {[%emt 0:08:32]} 32. Rg3 {[%emt 0:00:25]} c3 {[%emt 0:01:12]} 33. f4 $1 {[%emt 0:01:06]} h6 {[%emt 0:00:05]} 34. h4 {[%emt 0:00:11]} g4 {[%emt 0:01:17]} 35. Rxg4+ {[%emt 0:00:06]} Kh7 {[%emt 0:00:06]} 36. Qd3 {[%emt 0:03:46]} Bb3 {[%emt 0:01:53]} 37. Kh2 {[%emt 0:02:43]} c2 {[%emt 0:00:20]} 38. Qe3 {[%emt 0:07:06] [#]} Qxf5 {[%emt 0:00:21]} (38... Rb8 $1 $17) 39. Qg3 {[%emt 0:01:18]} Re4 {[%emt 0:00:59]} ({Avoid the trap} 39... Bxd5 $2 40. Rg1 $18) 40. e3 {[%emt 0:01:07] [#]} Rxe3 $1 {[%emt 0:00:53]} 41. Rg7+ {[%emt 0:01:24]} (41. Qxe3 $17 {was the only defense.} Qxg4 42. Qxb3 Qxh4+ 43. Kg2 Qg4+ 44. Qg3 Qe2+ 45. Qf2) 41... Bxg7 {[%emt 0:00:52]} 42. Qxe3 {[%emt 0:00:02] [#]} Bc4 $1 {[%emt 0:04:10]} ({Inferior is} 42... Bxd5 43. Bxd5 Qxd5 44. Rc1 $16) 43. Rg1 $19 {[%emt 0:10:23]} Bb2 {[%emt 0:10:42]} 44. Bd7 {[%emt 0:02:45]} Qxd5 {[%emt 0:09:36]} 45. Qe8 {[%emt 0:07:12]} Bg7 {[%emt 0:00:44]} 46. Qc8 {[%emt 0:00:10]} Qd2+ {[%emt 0:02:09]} 47. Kh3 {[%emt 0:00:05]} Qe3+ {[%emt 0:01:38]} 48. Rg3 {[%emt 0:03:53]} Be6+ {[%emt 0:00:38]} 0-1

[Event "CZE-tht Extraliga 2018-19"]
[Site "Czech Republic"]
[Date "2019.02.09"]
[Round "7.6"]
[White "Richterova, Natasa"]
[Black "Neuman, Petr"]
[Result "1/2-1/2"]
[WhiteElo "2216"]
[BlackElo "2404"]
[Annotator "NA"]
[PlyCount "137"]
[EventDate "2018.11.03"]
[EventType "team-tourn"]
[EventCountry "CZE"]
[SourceTitle "playchess.com"]
[Source "ChessBase"]
[SourceQuality "1"]
[WhiteTeam "Ostrava"]
[BlackTeam "Pardubice"]
[TimeControl "40/5400+30:1800+30"]

1. e4 {[%emt 0:00:06]} c5 {[%emt 0:00:00]} 2. Nf3 {[%emt 0:00:04]} d6 {[%emt 0:00:00]} 3. Bb5+ {[%emt 0:00:04]} Nd7 {[%emt 0:00:00]} 4. O-O {[%emt 0:00:20]} a6 {[%emt 0:00:09]} 5. Bxd7+ {[%emt 0:04:10]} Bxd7 {[%emt 0:00:11]} 6. d4 {[%emt 0:00:06]} cxd4 {[%emt 0:00:08]} 7. Nxd4 {[%emt 0:01:25]} Nf6 {[%emt 0:01:24]} 8. Qd3 {[%emt 0:05:40]} e5 {[%emt 0:09:05]} 9. Nb3 {[%emt 0:06:02]} Rc8 {[%emt 0:07:32]} 10. Nc3 {[%emt 0:01:13]} h6 {[%emt 0:00:45]} 11. a4 {[%emt 0:00:38]} Be7 {[%emt 0:02:55]} 12. a5 {[%emt 0:02:27]} Be6 {[%emt 0:06:21]} 13. Rd1 {[%emt 0:01:55]} O-O {[%emt 0:06:00]} 14. Be3 {[%emt 0:01:56]} Qc7 {[%emt 0:01:13]} 15. Nd2 {[%emt 0:08:26]} Qc6 {[%emt 0:01:51]} 16. f3 {[%emt 0:06:22]} d5 {[%emt 0:01:46]} 17. exd5 {[%emt 0:00:26]} Bxd5 {[%emt 0:05:42]} 18. Bf2 {[%emt 0:06:42]} Be6 {[%emt 0:05:23]} 19. Qe2 {[%emt 0:03:33]} Bb4 {[%emt 0:03:46]} 20. Qxe5 {[%emt 0:09:59]} Bxc3 {[%emt 0:01:41]} 21. bxc3 {[%emt 0:00:19]} Nd7 {[%emt 0:00:26]} 22. Qg3 {[%emt 0:08:10]} Qxc3 {[%emt 0:00:49]} 23. Nb3 {[%emt 0:04:47]} Qc4 {[%emt 0:14:08]} 24. Nd4 {[%emt 0:05:37]} Nc5 {[%emt 0:01:03]} 25. Be3 {[%emt 0:02:33]} Kh7 {[%emt 0:01:28]} 26. Qe1 {[%emt 0:06:04]} Rfe8 {[%emt 0:04:48]} 27. Rab1 {[%emt 0:00:26]} Bd7 {[%emt 0:01:32]} 28. Qd2 {[%emt 0:01:38]} Re7 {[%emt 0:04:42]} 29. Bf2 {[%emt 0:01:38]} Be8 {[%emt 0:03:06]} 30. h3 {[%emt 0:07:11]} f6 {[%emt 0:01:30]} 31. Rb4 {[%emt 0:01:25]} Qd5 {[%emt 0:01:28]} 32. c4 {[%emt 0:00:19]} Qd7 {[%emt 0:02:15]} 33. Nc2 {[%emt 0:01:43]} Qxd2 {[%emt 0:01:19]} 34. Rxd2 {[%emt 0:00:00]} Bg6 {[%emt 0:00:15]} 35. Ne1 {[%emt 0:02:02]} Bf7 {[%emt 0:04:35]} 36. Nc2 {[%emt 0:00:25]} Rcc7 {[%emt 0:01:16]} 37. Bg3 {[%emt 0:00:38]} Rcd7 {[%emt 0:00:43]} 38. Bd6 {[%emt 0:00:45]} Re6 {[%emt 0:00:18]} 39. Bf4 {[%emt 0:01:35]} Rxd2 {[%emt 0:01:46]} 40. Bxd2 {[%emt 0:00:01]} Re2 {[%emt 0:00:34]} 41. Be3 {[%emt 0:30:05]} Nd3 {[%emt 0:34:05]} 42. Rxb7 {[%emt 0:00:47]} Bg6 {[%emt 0:01:01]} 43. Bd4 {[%emt 0:00:00]} Rxc2 {[%emt 0:00:00]} 44. Bxf6 {[%emt 0:00:00]} h5 {[%emt 0:00:00]} 45. Rxg7+ {[%emt 0:00:00]} Kh6 {[%emt 0:00:00]} 46. h4 {[%emt 0:00:00]} Nf4 {[%emt 0:00:00]} 47. Ra7 {[%emt 0:00:00]} Ne6 {[%emt 0:00:00]} 48. Rxa6 {[%emt 0:00:00]} Bf5 {[%emt 0:00:00]} 49. Rc6 {[%emt 0:00:00]} Kg6 {[%emt 0:00:00]} 50. Be5 {[%emt 0:00:00]} Kf7 {[%emt 0:00:00]} 51. a6 {[%emt 0:00:00]} Ra2 {[%emt 0:00:00]} 52. Kh2 {[%emt 0:00:00]} Bd3 {[%emt 0:00:00]} 53. Kg1 {[%emt 0:00:00]} Ra4 {[%emt 0:00:00]} 54. Rb6 {[%emt 0:00:00]} Bxc4 {[%emt 0:00:00]} 55. Rb7+ {[%emt 0:00:00]} Kg6 {[%emt 0:00:00]} 56. a7 {[%emt 0:00:00]} Bd5 {[%emt 0:00:00]} 57. Rd7 {[%emt 0:00:00]} Ba8 {[%emt 0:00:00]} 58. Bg3 {[%emt 0:00:00]} Ra1+ {[%emt 0:00:00]} 59. Kh2 {[%emt 0:00:16]} Ra2 {[%emt 0:00:00]} 60. Kg1 {[%emt 0:00:11]} Kf6 {[%emt 0:00:00]} 61. Rh7 {[%emt 0:01:27]} Kg6 {[%emt 0:00:00]} 62. Rd7 {[%emt 0:00:04]} Ra4 {[%emt 0:00:00]} 63. Bf2 {[%emt 0:03:34]} Ra1+ {[%emt 0:00:00]} 64. Kh2 {[%emt 0:00:05]} Ra2 {[%emt 0:00:00]} 65. Kg3 {[%emt 0:01:15]} Kf6 {[%emt 0:00:00]} 66. Rh7 {[%emt 0:00:50]} Kg6 {[%emt 0:00:00]} 67. Rd7 {[%emt 0:00:32]} Kf6 {[%emt 0:00:00]} 68. Rh7 {[%emt 0:00:04]} Kg6 {[%emt 0:00:00]} 69. Rd7 {[%emt 0:00:05]} 1/2-1/2

[Event "CZE-tht Extraliga 2018-19"]
[Site "Czech Republic"]
[Date "2019.02.09"]
[Round "7.7"]
[White "Petr, Martin"]
[Black "Krajina, Ales"]
[Result "1-0"]
[WhiteElo "2447"]
[BlackElo "2118"]
[Annotator "NA"]
[PlyCount "111"]
[EventDate "2018.11.03"]
[EventType "team-tourn"]
[EventCountry "CZE"]
[SourceTitle "playchess.com"]
[Source "ChessBase"]
[SourceQuality "1"]
[WhiteTeam "Pardubice"]
[BlackTeam "Ostrava"]
[TimeControl "40/5400+30:1800+30"]

1. e4 {[%emt 0:00:00]} Nf6 {[%emt 0:00:00]} 2. e5 {[%emt 0:00:00]} Ng8 {[%emt 0:00:07]} 3. d4 {[%emt 0:01:21]} d5 {[%emt 0:00:16]} 4. Nf3 {[%emt 0:00:42]} (4. Bd3 c5 5. c3 Nc6 6. Ne2 e6 7. Nd2 Nge7 8. O-O Nf5 9. Nf3 Be7 10. Re1 cxd4 11. Bxf5 exf5 12. Nexd4 Be6 13. Qd3 Qd7 14. Bg5 Bc5 15. Rad1 {1-0 (67) Nunn,J (2600)-Sanders,I (2341) London 2016}) 4... Bg4 {[%emt 0:00:16]} 5. Be2 {[%emt 0:00:44]} e6 {[%emt 0:00:15]} 6. Be3 {[%emt 0:01:07] B02: Alekhine's Defence: Chase Variation and lines with early Nc3} Ne7 $146 {[%emt 0:01:05]} ({Predecessor:} 6... Nd7 7. c4 Bb4+ 8. Nc3 Ne7 9. Ng5 Bxe2 10. Qxe2 dxc4 11. Qh5 g6 {½-½ (40) Brkic,Z (2083)-Prentic,I (2044) Belgrade 2017}) 7. h3 {[%emt 0:03:07]} Bxf3 {[%emt 0:00:15]} 8. Bxf3 {[%emt 0:00:04]} Nf5 {[%emt 0:00:18]} 9. O-O {[%emt 0:00:30]} c5 {[%emt 0:00:16]} 10. c4 {[%emt 0:04:42]} cxd4 11. Bf4 {[%emt 0:03:29]} Nc6 {[%emt 0:12:19]} 12. cxd5 {[%emt 0:00:08]} exd5 {[%emt 0:00:30]} 13. Nd2 {[%emt 0:05:08]} Bb4 {[%emt 0:07:59]} 14. Nb3 {[%emt 0:06:28]} O-O {[%emt 0:01:25]} 15. Bg4 {[%emt 0:00:54]} Nfe7 {[%emt 0:00:30]} 16. Nxd4 Ng6 {[%emt 0:00:34]} 17. Nxc6 {[%emt 0:00:37]} bxc6 {[%emt 0:04:00]} 18. Bg3 {[%emt 0:07:38]} Qb6 {[%emt 0:03:12]} 19. Qc2 {[%emt 0:05:53]} Rad8 {[%emt 0:02:19]} 20. Rac1 {[%emt 0:01:14]} Rfe8 {[%emt 0:01:50]} 21. Bf5 {[%emt 0:04:03]} Bf8 {[%emt 0:01:49]} 22. Rfe1 {[%emt 0:00:55]} c5 23. h4 {[%emt 0:00:58]} c4 {[%emt 0:02:36]} 24. h5 {[%emt 0:02:10]} Bb4 {[%emt 0:00:00]} 25. hxg6 {[%emt 0:00:32]} hxg6 {[%emt 0:00:14]} 26. Bg4 {[%emt 0:00:30]} Bxe1 {[%emt 0:11:09]} 27. Rxe1 {[%emt 0:02:06]} Qa5 {[%emt 0:00:30]} 28. Ra1 {[%emt 0:02:09]} Rb8 {[%emt 0:12:00]} 29. Bd7 {[%emt 0:00:21]} Re7 {[%emt 0:00:30]} 30. e6 {[%emt 0:00:30]} Rd8 31. Bh4 {[%emt 0:03:41]} Rdxd7 {[%emt 0:02:29]} 32. exd7 {[%emt 0:00:10]} Rxd7 {[%emt 0:00:08]} 33. Bg5 {[%emt 0:02:48]} d4 34. Bd2 Qd5 {[%emt 0:13:02]} 35. Re1 {[%emt 0:03:10]} Rb7 $18 {[%emt 0:00:54]} 36. Re8+ {[%emt 0:03:26]} Kh7 {[%emt 0:07:15]} 37. Bc1 {[%emt 0:02:40]} Rb6 38. Qe4 Qxe4 {[%emt 0:01:35]} 39. Rxe4 {[%emt 0:00:35]} c3 {[%emt 0:00:10]} 40. bxc3 {[%emt 0:00:30]} Rb1 {[%emt 0:00:30]} 41. Re1 {[%emt 0:29:35]} dxc3 {[%emt 0:29:46]} 42. Kf1 {[%emt 0:02:57]} Ra1 {[%emt 0:02:15]} 43. a3 {[%emt 0:00:06]} f5 {[%emt 0:02:17]} 44. Ke2 {[%emt 0:02:43]} Ra2+ {[%emt 0:00:23]} 45. Ke3 {[%emt 0:00:25]} f4+ {[%emt 0:00:07]} 46. Kf3 {[%emt 0:01:11]} g5 {[%emt 0:01:38]} 47. Rf1 {[%emt 0:00:30]} Kg6 {[%emt 0:02:27]} 48. Ke4 {[%emt 0:00:08]} Kh5 {[%emt 0:00:37]} 49. Kd3 {[%emt 0:02:09]} Kg4 {[%emt 0:00:31]} 50. Kxc3 {[%emt 0:00:04]} Re2 {[%emt 0:00:12]} 51. Bd2 {[%emt 0:02:53]} a6 {[%emt 0:04:24]} 52. a4 {[%emt 0:00:54]} f3 {[%emt 0:02:12]} 53. gxf3+ {[%emt 0:00:27]} Kxf3 {[%emt 0:00:02]} 54. Be3 {[%emt 0:01:19]} Kg2 {[%emt 0:00:14]} 55. Rd1 {[%emt 0:01:45]} g4 {[%emt 0:00:54]} 56. Rd7 {[%emt 0:00:16]} 1-0